000 nam a22 7a 4500
999 _c27482
_d27481
003 OSt
005 20170518104610.0
008 170509b xxu||||| |||| 00| 0 eng d
020 _a0520083539
040 _aMMU
_bEng
_cMMU
_dMMU
050 _aE 169 .G25 1994
100 _aGamson Joshua
245 _aClaims to Fame:
_bCelebrity in Contemporary America/
_cJoshua Gamson
260 _aLondon:
_bUniversity of California Press,
_c1994.
300 _axii,256p.;
500 _aIncludes bibliographical references and index
650 _aClaims to fame
942 _2lcc
_cLOAN LOAN